| 000 | 00810nam a2200241 a 4500 | ||
|---|---|---|---|
| 005 | 20230316063604.0 | ||
| 008 | 140626s2006 mx r 000 0 spa d | ||
| 020 | _a8426135390 (10 dígitos) | ||
| 020 | _a9788426135391 (13 dígitos) | ||
| 035 | _aUPN01000198358 | ||
| 049 | _aI | ||
| 050 | 4 |
_aPZ10.3 _bJ6.7 |
|
| 100 | 1 |
_aJones, Terry, _d1942- _935590 |
|
| 245 | 1 | 3 |
_aEl tigre de mar y otros cuentos para soñar / _cTerry Jones, Nanette Newman ; il. Michael Foreman ; tr. Carlos Mayor. |
| 260 |
_aBarcelona, Esp. : _bJuventud, _c2006. |
||
| 300 |
_a172 p. : _bil. col. |
||
| 534 |
_pTítulo original: _tBedtime stories |
||
| 650 | 0 |
_aAnimales _vCuentos y leyendas _9234 |
|
| 650 | 4 |
_aCuentos infantiles ingleses _910002 |
|
| 700 | 1 |
_aNewman, Nanette, _ecoaut. |
|
| 905 | _aInfantil | ||
| 999 |
_c170459 _d170459 |
||